000 00389nam a2200157Ia 4500
100 _aReddy/S.R.N/ Chande/Suresh
650 _asmart phone
942 _cBK
366 _f20
654 _asmart phone
245 _aDesign and development of smart phone: A practical approach by using Raspberry Pi 2/3
260 _bOreilly
_c2016
082 _bRED
300 _a137
546 _aENGLISH
999 _c23564
_d23564